000 00451nam a2200181Ia 4500
001 15752
005 20260306170219.0
008 260306t2011||||xx |||||||||||||| ||und||
041 _aESP
082 _a604.2
_bV21
100 _aValencia García, Germán
_eAUT
245 0 _aGuía práctica de dibujo para ingeniería
260 _c2011
300 _ahojas sin númerar :
_c33 cm.
650 _aGEN
654 _aCAU
942 _cLIB
_dJUS
_fJUS
_2ddc
_n
999 _c15752
_d15752